Stalking Victimization among Female Students in Indian Context/ (Record no. 38533)
[ view plain ]
| 000 -LEADER | |
|---|---|
| fixed length control field | 00597nam a2200145 4500 |
| 082 ## - DEWEY DECIMAL CLASSIFICATION NUMBER | |
| Classification number | RP.0370 |
| 100 ## - MAIN ENTRY--AUTHOR NAME | |
| Personal name | Patel, J.M. Asgarali |
| Affiliation | Department of Psychology, Annamalai University |
| Place | Annamalai Nagar, Tamil Nadu |
| 245 ## - TITLE STATEMENT | |
| Title | Stalking Victimization among Female Students in Indian Context/ |
| Statement of responsibility, etc | J.M. Asgarali Patel |
| 260 ## - PUBLICATION, DISTRIBUTION, ETC. (IMPRINT) | |
| Place of publication | Annamalai Nagar, Tamil Nadu: |
| Name of publisher/Sponsor | Indian Council of Social Science Research, |
| Year of publication | 2015 |
| 300 ## - PHYSICAL DESCRIPTION | |
| Number of Pages | 236p. |
| 500 ## - GENERAL NOTE | |
| General note | Included Bibliographical References and Appendix |
| 650 ## - SUBJECT ADDED ENTRY--TOPICAL TERM | |
| Topical Term | Stalking Victim |
| General subdivision | Victims of crimes |
| Geographic subdivision | India |
| 650 ## - SUBJECT ADDED ENTRY--TOPICAL TERM | |
| Topical Term | Female Student |
| General subdivision | Girls |
| 942 ## - ADDED ENTRY ELEMENTS (KOHA) | |
| Source of classification or shelving scheme | Dewey Decimal Classification |
| Koha item type | Research Reports |
| Withdrawn status | Lost status | Damaged status | Not for loan | Collection code | Home library | Current library | Date acquired | Source of acquisition | Full call number | Accession Number | Price effective from | Koha item type |
|---|---|---|---|---|---|---|---|---|---|---|---|---|
| Not For Loan | Major Research Project Reports | NASSDOC Library | NASSDOC Library | 04/07/2023 | Research Report Division | RP.0370 | 53808 | 04/07/2023 | Research Reports |
